An introduction to modern Arabic / (Record no. 8074)
[ view plain ]
| 000 -LEADER | |
|---|---|
| fixed length control field | 00828nam a2200241ra 4500 |
| 001 - CONTROL NUMBER | |
| control field | 8074 |
| 003 - CONTROL NUMBER IDENTIFIER | |
| rucl marc code | BD-RjUL |
| 005 - DATE AND TIME OF LATEST TRANSACTION | |
| control field | 20211208234523.0 |
| 008 - FIXED-LENGTH DATA ELEMENTS--GENERAL INFORMATION | |
| fixed length control field | 140116r19661957nju 00110 eng d |
| 035 ## - SYSTEM CONTROL NUMBER | |
| System control number | (BD-RjUL)8119 |
| 040 ## - CATALOGING SOURCE | |
| Modifying agency | VDU:M |
| -- | VMOU |
| Original cataloging agency | BD-RjUL |
| Language of cataloging | eng |
| Transcribing agency | BD-RjUL |
| 041 ## - LANGUAGE CODE | |
| Language code of text/sound track or separate title | eng |
| 082 00 - DEWEY DECIMAL CLASSIFICATION NUMBER | |
| Classification number | 492.7824 |
| Edition number | 20 |
| Author mark and year | ZAI 1966 |
| 100 1# - MAIN ENTRY--PERSONAL NAME | |
| Personal name | Ziadeh, Farhat Jacob. |
| 9 (RLIN) | 25182 |
| 245 13 - TITLE STATEMENT | |
| Title | An introduction to modern Arabic / |
| Statement of responsibility, etc. | by Farhat J. Ziadeh and R. Bayly Winder. |
| 260 0# - PUBLICATION, DISTRIBUTION, ETC. (IMPRINT) | |
| Place of publication, distribution, etc. | Princeton, N.J. : |
| Name of publisher, distributor, etc. | Princeton University Press, |
| Date of publication, distribution, etc. | 1957 [reprinted 1966]. |
| 300 ## - PHYSICAL DESCRIPTION | |
| Pagination | xii, 297 p. ; |
| Size | 24 cm. |
| 504 ## - BIBLIOGRAPHY, ETC. NOTE | |
| Bibliography, etc | Includes indexes. |
| 650 #0 - SUBJECT ADDED ENTRY--TOPICAL TERM | |
| Topical term or geographic name as entry element | Arabic language |
| General subdivision | Grammar. |
| 9 (RLIN) | 22321 |
| Topical term or geographic name as entry element | Arabic language |
| General subdivision | Textbooks for foreign speakers |
| -- | English. |
| 9 (RLIN) | 22743 |
| 700 1# - ADDED ENTRY--PERSONAL NAME | |
| Personal name | Winder, R. Bayly |
| Fuller form of name | (Richard Bayly), |
| Dates associated with a name | 1920- |
| 942 ## - ADDED ENTRY ELEMENTS (KOHA) | |
| Source of classification or shelving scheme | Dewey Decimal Classification |
| Koha item type | Books |
| Lost status | Source of classification or shelving scheme | Damaged status | Not for loan | Collection code | Permanent Location | Current Location | Shelving location | Date acquired | Source of acquisition | Cost, normal purchase price | Total Checkouts | Full call number | Date last seen | Copy number | Koha item type |
|---|---|---|---|---|---|---|---|---|---|---|---|---|---|---|---|
| Dewey Decimal Classification | Not For Loan | Non-fiction | Central Library, University of Rajshahi | Central Library, University of Rajshahi | 12/08/1969 | Zeithlinger. | 45.00 | 492.7824 ZAI 1966 | 16/01/2014 | C-1 | Books |